[Event "EYCC 2024 - O16"]
[Site "?"]
[Date "2024.08.22"]
[Round "1.8"]
[White "Kanacki, Vuk"]
[Black "Kolimar, Kristof Pal"]
[Result "0-1"]
[BlackElo "2306"]
[WhiteElo "2023"]
[LiveChessVersion "1.4.8"]

1. d4 {[%clk 1:30:56]} d5 {[%clk 1:30:52]} 2. Nf3 {[%clk 1:30:53]} Nf6
{[%clk 1:31:12]} 3. c4 {[%clk 1:31:05]} e6 {[%clk 1:31:28]} 4. Nc3
{[%clk 1:31:03]} Bb4 {[%clk 1:31:33]} 5. cxd5 {[%clk 1:31:13]} exd5
{[%clk 1:31:58]} 6. Bg5 {[%clk 1:30:41]} Qd6 {[%clk 1:31:19]} 7. Bxf6
{[%clk 1:29:44]} Qxf6 {[%clk 1:27:41]} 8. Qb3 Qb6 9. a3 {[%clk 1:26:58]} Ba5
{[%clk 1:25:38]} 10. Qc2 {[%clk 1:24:27]} Bf5 {[%clk 1:24:47]} 11. Qa4+
{[%clk 1:22:39]} Bd7 {[%clk 1:25:11]} 12. Qc2 {[%clk 1:23:02]} Bxc3+
{[%clk 1:23:00]} 13. Qxc3 {[%clk 1:23:13]} Bf5 {[%clk 1:22:20]} 14. e3
{[%clk 1:23:25]} O-O {[%clk 1:17:18]} 15. Be2 {[%clk 1:23:32]} Nd7
{[%clk 1:12:06]} 16. O-O {[%clk 1:21:18]} Nf6 {[%clk 1:03:24]} 17. Nd2
{[%clk 1:14:34]} a5 {[%clk 0:56:41]} 18. Rfc1 {[%clk 1:10:54]} c6
{[%clk 0:47:17]} 19. b4 {[%clk 1:10:56]} Rfc8 {[%clk 0:45:30]} 20. Qc5
{[%clk 1:01:52]} Qd8 {[%clk 0:44:20]} 21. Qc3 {[%clk 0:55:51]} a4
{[%clk 0:29:39]} 22. Bd3 {[%clk 0:48:17]} Qd7 {[%clk 0:24:25]} 23. Ra2
{[%clk 0:46:11]} Bxd3 {[%clk 0:19:05]} 24. Qxd3 {[%clk 0:45:39]} Ne8
{[%clk 0:19:29]} 25. Rac2 {[%clk 0:41:32]} Nd6 {[%clk 0:19:24]} 26. f3
{[%clk 0:36:46]} Nb5 {[%clk 0:15:43]} 27. Nf1 {[%clk 0:35:35]} h5
{[%clk 0:11:33]} 28. Rd2 {[%clk 0:33:35]} Re8 {[%clk 0:11:00]} 29. Re1
{[%clk 0:31:44]} Rad8 {[%clk 0:08:34]} 30. Rde2 {[%clk 0:29:33]} h4
{[%clk 0:04:49]} 31. h3 {[%clk 0:29:05]} Re6 {[%clk 0:04:14]} 32. Kh1
{[%clk 0:27:45]} Rde8 {[%clk 0:03:05]} 33. Nh2 {[%clk 0:27:17]} Qd6
{[%clk 0:02:42]} 34. Ng4 {[%clk 0:24:27]} g6 {[%clk 0:02:11]} 35. Nh6+
{[%clk 0:24:36]} Kg7 {[%clk 0:02:30]} 36. Ng4 {[%clk 0:25:01]} f6
{[%clk 0:02:23]} 37. Nh2 {[%clk 0:19:54]} Qe7 {[%clk 0:02:02]} 38. Kg1
{[%clk 0:18:52]} Nd6 {[%clk 0:01:34]} 39. Nf1 {[%clk 0:17:56]} Qd8
{[%clk 0:01:36]} 40. Kf2 {[%clk 0:17:55]} Qb6 {[%clk 0:01:39]} 41. Nd2
{[%clk 0:15:40]} Qb5 {[%clk 0:01:29]} 42. Qc3 {[%clk 0:12:04]} Nf5
{[%clk 0:00:58]} 43. Nf1 {[%clk 0:11:55]} Nd6 {[%clk 0:00:51]} 44. Nd2
{[%clk 0:12:14]} Qa6 {[%clk 0:00:39]} 45. Nf1 {[%clk 0:09:29]} Nb5
{[%clk 0:00:47]} 46. Qd3 {[%clk 0:09:26]} Qb6 {[%clk 0:01:04]} 47. Nd2
{[%clk 0:09:22]} R8e7 {[%clk 0:01:16]} 48. Nf1 {[%clk 0:09:26]} Nd6
{[%clk 0:01:27]} 49. Nd2 {[%clk 0:09:30]} g5 {[%clk 0:01:35]} 50. Nf1
{[%clk 0:08:49]} Qb5 {[%clk 0:01:58]} 51. Qc2 {[%clk 0:06:32]} f5
{[%clk 0:01:22]} 52. Qc3 {[%clk 0:02:12]} g4 {[%clk 0:01:25]} 53. Qc2
{[%clk 0:00:49]} Rg6 {[%clk 0:01:45]} 54. Nd2 {[%clk 0:00:33]} Rf7
{[%clk 0:02:06]} 55. Rh1 {[%clk 0:00:41]} gxh3 {[%clk 0:01:57]} 56. Rxh3
{[%clk 0:00:55]} Rxg2+ {[%clk 0:02:22]} 0-1

[Event "EYCC 2024 - O16"]
[Site "?"]
[Date "2024.08.22"]
[Round "1.9"]
[White "Vagman, Roy"]
[Black "Vysinsky, Otakar"]
[Result "1-0"]
[BlackElo "2018"]
[WhiteElo "2302"]
[LiveChessVersion "1.4.8"]

1. e4 e5 {[%clk 1:31:04]} 2. Nf3 {[%clk 1:31:12]} Nc6 3. Bc4 Nf6 {[%clk 1:31:18]}
4. d3 {[%clk 1:31:25]} Be7 {[%clk 1:31:08]} 5. O-O {[%clk 1:31:25]} O-O
{[%clk 1:31:32]} 6. Nc3 {[%clk 1:32:11]} d6 7. a4 {[%clk 1:32:31]} Bg4
{[%clk 1:24:50]} 8. h3 Bxf3 9. Qxf3 {[%clk 1:32:51]} Nd4 {[%clk 1:20:31]} 10. Qd1
{[%clk 1:33:14]} c6 {[%clk 1:12:09]} 11. Ba2 {[%clk 1:23:03]} d5 {[%clk 1:08:15]}
12. exd5 {[%clk 1:18:45]} Nxd5 {[%clk 1:05:32]} 13. Re1 {[%clk 1:18:45]} Nb4
{[%clk 1:02:38]} 14. Bb1 {[%clk 1:13:49]} Qc7 {[%clk 0:58:58]} 15. Ne4 Nd5 16. c3
{[%clk 1:11:19]} Ne6 {[%clk 0:55:12]} 17. Nd2 {[%clk 1:08:52]} Rad8
{[%clk 0:50:10]} 18. Nf3 {[%clk 1:04:37]} Bf6 {[%clk 0:40:26]} 19. Qc2
{[%clk 1:01:00]} g6 {[%clk 0:38:04]} 20. Bh6 {[%clk 1:00:43]} Rfe8
{[%clk 0:37:38]} 21. g3 {[%clk 0:59:25]} c5 {[%clk 0:29:27]} 22. Ba2
{[%clk 0:58:25]} Ng7 {[%clk 0:25:28]} 23. Rad1 {[%clk 0:52:37]} Nf5
{[%clk 0:23:37]} 24. Bc1 {[%clk 0:51:52]} Bg7 {[%clk 0:20:16]} 25. Nd2
{[%clk 0:48:10]} Nfe7 {[%clk 0:15:29]} 26. h4 {[%clk 0:44:01]} f5
{[%clk 0:11:10]} 27. Nf3 {[%clk 0:42:50]} h6 {[%clk 0:10:05]} 28. Re2
{[%clk 0:40:32]} Kh8 {[%clk 0:08:56]} 29. Rde1 {[%clk 0:38:54]} Nc6
{[%clk 0:08:42]} 30. Kg2 {[%clk 0:34:29]} Nf6 {[%clk 0:07:18]} 31. Be3
{[%clk 0:30:48]} b6 {[%clk 0:05:23]} 32. Qc1 {[%clk 0:25:23]} Ng4
{[%clk 0:03:25]} 33. Nh2 {[%clk 0:23:22]} Nxe3+ {[%clk 0:03:01]} 34. Qxe3
{[%clk 0:23:49]} Re7 {[%clk 0:01:36]} 35. h5 {[%clk 0:21:07]} g5 {[%clk 0:01:35]}
36. Qf3 {[%clk 0:21:05]} Qd7 {[%clk 0:01:18]} 37. g4 {[%clk 0:20:50]} Rf8
{[%clk 0:00:36]} 38. Qh3 {[%clk 0:19:22]} f4 {[%clk 0:00:32]} 39. Re4
{[%clk 0:19:13]} a5 {[%clk 0:00:36]} 40. Qf3 {[%clk 0:19:15]} Rd8
{[%clk 0:00:45]} 41. Bc4 {[%clk 0:19:03]} Qd6 {[%clk 0:00:43]} 42. Qe2
{[%clk 0:19:02]} Qd7 {[%clk 0:00:37]} 43. Kh3 {[%clk 0:19:19]} Qd6
{[%clk 0:00:32]} 44. Nf3 {[%clk 0:19:42]} Red7 {[%clk 0:00:37]} 45. Bb5
{[%clk 0:18:26]} Rc7 {[%clk 0:00:34]} 46. Rc1 {[%clk 0:16:30]} Bf6
{[%clk 0:00:32]} 47. Rd1 {[%clk 0:16:19]} Re7 {[%clk 0:00:33]} 48. Kh2
{[%clk 0:15:34]} Rc8 {[%clk 0:00:34]} 49. Re1 {[%clk 0:15:37]} Rce8
{[%clk 0:00:35]} 50. Qc2 {[%clk 0:15:20]} Rc8 {[%clk 0:00:34]} 51. R1e2
{[%clk 0:14:42]} Rce8 {[%clk 0:00:42]} 52. Qd1 {[%clk 0:14:31]} Kg8
{[%clk 0:00:33]} 53. Qe1 {[%clk 0:14:02]} Bg7 {[%clk 0:00:35]} 54. d4
{[%clk 0:13:09]} cxd4 {[%clk 0:00:37]} 55. cxd4 {[%clk 0:13:32]} Rc8
{[%clk 0:00:32]} 56. Kh3 {[%clk 0:11:55]} Rec7 {[%clk 0:00:35]} 57. dxe5
{[%clk 0:11:45]} Qe7 {[%clk 0:00:33]} 58. b3 {[%clk 0:11:34]} Nb4
{[%clk 0:00:33]} 59. Bc4+ {[%clk 0:11:58]} Kh8 {[%clk 0:00:33]} 60. Nd4
{[%clk 0:12:12]} Rxc4 {[%clk 0:00:31]} 61. bxc4 {[%clk 0:12:34]} Nd3
{[%clk 0:00:38]} 62. Qd1 {[%clk 0:12:37]} Nc5 {[%clk 0:00:48]} 63. Nf5
{[%clk 0:12:45]} Qe6 {[%clk 0:00:31]} 64. Rd4 {[%clk 0:13:09]} Qc6
{[%clk 0:00:37]} 65. Rd8+ {[%clk 0:12:38]} Rxd8 {[%clk 0:00:42]} 66. Qxd8+
{[%clk 0:13:03]} Kh7 {[%clk 0:01:00]} 67. Qd5 {[%clk 0:13:22]} Qxa4
{[%clk 0:00:58]} 68. Qf7 {[%clk 0:13:08]} 1-0

[Event "EYCC 2024 - O16"]
[Site "?"]
[Date "2024.08.22"]
[Round "1.10"]
[White "Ser, Daniel"]
[Black "Ostensen, Nicolai Maxime"]
[Result "1/2-1/2"]
[BlackElo "2292"]
[WhiteElo "2008"]
[LiveChessVersion "1.4.8"]

1. d4 {[%clk 1:30:45]} Nf6 {[%clk 1:30:50]} 2. Bf4 {[%clk 1:30:37]} g6
{[%clk 1:30:57]} 3. Nc3 {[%clk 1:30:53]} d5 {[%clk 1:31:18]} 4. e3
{[%clk 1:29:50]} c6 {[%clk 1:31:41]} 5. h4 {[%clk 1:29:08]} h5 {[%clk 1:32:04]}
6. Nf3 {[%clk 1:29:10]} Bg4 {[%clk 1:32:27]} 7. Qd2 {[%clk 1:29:08]} Bxf3
{[%clk 1:32:37]} 8. gxf3 {[%clk 1:29:30]} Nbd7 9. e4 e6 {[%clk 1:30:11]} 10. exd5
{[%clk 1:18:56]} Nxd5 {[%clk 1:25:21]} 11. Nxd5 {[%clk 1:18:32]} cxd5
{[%clk 1:24:08]} 12. c3 {[%clk 1:14:55]} Be7 {[%clk 1:13:37]} 13. Bd3
{[%clk 1:12:25]} Qa5 {[%clk 1:07:14]} 14. Qc2 {[%clk 1:05:42]} f5
{[%clk 1:02:41]} 15. Qb3 {[%clk 0:46:02]} Qb6 {[%clk 0:55:08]} 16. Bb5
{[%clk 0:44:29]} Rd8 {[%clk 0:51:47]} 17. a4 {[%clk 0:39:34]} Qa5
{[%clk 0:43:36]} 18. Bd3 {[%clk 0:22:45]} Qb6 {[%clk 0:43:25]} 19. Bb5
{[%clk 0:20:09]} Bd6 {[%clk 0:39:02]} 20. Bxd7+ {[%clk 0:20:23]} Rxd7
{[%clk 0:37:47]} 21. Qxb6 {[%clk 0:20:38]} axb6 {[%clk 0:38:09]} 22. Bxd6
{[%clk 0:20:50]} Rxd6 {[%clk 0:38:35]} 23. f4 {[%clk 0:19:49]} Kf7
{[%clk 0:38:47]} 24. Kd2 {[%clk 0:18:41]} Ra8 {[%clk 0:38:21]} 25. Ra3
{[%clk 0:17:37]} Rdd8 {[%clk 0:34:27]} 26. Rha1 {[%clk 0:16:23]} Ke7
{[%clk 0:30:30]} 27. a5 {[%clk 0:10:25]} bxa5 {[%clk 0:28:47]} 28. Rxa5
{[%clk 0:10:53]} Rxa5 {[%clk 0:29:04]} 29. Rxa5 {[%clk 0:11:21]} Kd6
{[%clk 0:29:05]} 30. b4 {[%clk 0:09:21]} Kc6 {[%clk 0:28:22]} 31. Ra1
{[%clk 0:09:13]} Kb5 {[%clk 0:26:25]} 32. Ra5+ {[%clk 0:09:26]} Kc6
{[%clk 0:26:49]} 33. Ra1 {[%clk 0:09:12]} Kb5 {[%clk 0:27:14]} 34. Ra5+
{[%clk 0:09:11]} 1/2-1/2

[Event "EYCC 2024 - O16"]
[Site "?"]
[Date "2024.08.22"]
[Round "1.11"]
[White "Breuil, Tristan"]
[Black "Konidakis, Alex"]
[Result "1/2-1/2"]
[BlackElo "2008"]
[WhiteElo "2284"]
[LiveChessVersion "1.4.8"]

1. e4 {[%clk 1:29:48]} e5 {[%clk 1:30:25]} 2. Nf3 {[%clk 1:30:05]} Nc6
{[%clk 1:30:24]} 3. Bb5 {[%clk 1:30:21]} a6 {[%clk 1:30:36]} 4. Ba4
{[%clk 1:30:44]} d6 {[%clk 1:30:57]} 5. O-O {[%clk 1:30:45]} Bg4 {[%clk 1:29:42]}
6. h3 {[%clk 1:30:28]} h5 {[%clk 1:30:04]} 7. Bxc6+ {[%clk 1:30:05]} bxc6
{[%clk 1:30:26]} 8. d4 Qf6 9. Nbd2 {[%clk 1:28:44]} g5 {[%clk 1:22:13]} 10. dxe5
{[%clk 1:24:52]} dxe5 {[%clk 1:22:32]} 11. Nc4 {[%clk 1:24:51]} Bxf3
{[%clk 1:22:53]} 12. Qxf3 {[%clk 1:25:08]} Qxf3 {[%clk 1:23:14]} 13. gxf3
{[%clk 1:25:36]} f6 {[%clk 1:23:29]} 14. Be3 {[%clk 1:25:49]} Ne7
{[%clk 1:18:59]} 15. Rfd1 {[%clk 1:19:25]} Ng6 {[%clk 1:14:05]} 16. Kf1
{[%clk 1:06:37]} a5 {[%clk 0:59:42]} 17. a4 {[%clk 0:56:29]} Be7 {[%clk 0:49:28]}
18. b3 {[%clk 0:34:24]} Bb4 {[%clk 0:43:32]} 19. Rd3 {[%clk 0:29:47]} Ke7
{[%clk 0:40:31]} 20. c3 {[%clk 0:28:39]} Bd6 {[%clk 0:40:48]} 21. Rad1
{[%clk 0:26:02]} Rhd8 {[%clk 0:40:58]} 22. Ke2 {[%clk 0:20:56]} Ke6
{[%clk 0:39:50]} 23. Ke1 {[%clk 0:16:02]} Nh4 {[%clk 0:35:36]} 24. Ke2
{[%clk 0:07:58]} Ng6 {[%clk 0:35:48]} 25. Ke1 {[%clk 0:06:08]} Nh4
{[%clk 0:36:10]} 26. Bc1 {[%clk 0:05:59]} Ng6 {[%clk 0:33:58]} 27. Kf1
{[%clk 0:03:28]} Nh8 {[%clk 0:26:00]} 28. Ne3 {[%clk 0:02:03]} Nf7
{[%clk 0:20:42]} 29. Nf5 {[%clk 0:02:32]} Bf8 {[%clk 0:20:54]} 30. Ng3
{[%clk 0:01:33]} Rxd3 {[%clk 0:19:03]} 31. Rxd3 {[%clk 0:02:02]} Rb8
{[%clk 0:17:16]} 32. c4 {[%clk 0:01:51]} h4 {[%clk 0:15:30]} 33. Nf5
{[%clk 0:02:18]} Nd6 {[%clk 0:15:50]} 34. Nxd6 {[%clk 0:02:11]} cxd6
{[%clk 0:15:25]} 35. Bd2 {[%clk 0:01:45]} Ra8 {[%clk 0:15:49]} 36. Ke2
{[%clk 0:00:46]} c5 {[%clk 0:16:11]} 37. Kd1 {[%clk 0:00:37]} Be7
{[%clk 0:16:12]} 38. Ke2 {[%clk 0:00:32]} Bd8 {[%clk 0:14:18]} 39. Be3
{[%clk 0:00:39]} 1/2-1/2

[Event "EYCC 2024 - O16"]
[Site "?"]
[Date "2024.08.22"]
[Round "1.12"]
[White "Antoniou, Rafail"]
[Black "Rustamov, Rustam"]
[Result "1/2-1/2"]
[BlackElo "2283"]
[WhiteElo "2007"]
[LiveChessVersion "1.4.8"]

1. c4 {[%clk 1:30:55]} e5 {[%clk 1:30:50]} 2. g3 {[%clk 1:31:15]} Nf6
{[%clk 1:28:42]} 3. Bg2 {[%clk 1:31:19]} d5 {[%clk 1:28:20]} 4. cxd5
{[%clk 1:31:42]} Nxd5 {[%clk 1:28:47]} 5. Nf3 {[%clk 1:31:58]} Nc6
{[%clk 1:28:33]} 6. O-O {[%clk 1:31:55]} Be7 {[%clk 1:28:28]} 7. d4
{[%clk 1:31:26]} e4 {[%clk 1:24:58]} 8. Ne5 f5 9. Nxc6 {[%clk 1:30:54]} bxc6
{[%clk 1:22:44]} 10. Qc2 {[%clk 1:26:16]} Qd6 {[%clk 1:21:39]} 11. Nc3
{[%clk 1:23:18]} Be6 {[%clk 1:20:49]} 12. f3 {[%clk 1:17:43]} exf3
{[%clk 1:20:08]} 13. Bxf3 {[%clk 1:17:24]} O-O {[%clk 1:19:17]} 14. Nxd5
{[%clk 1:15:51]} cxd5 {[%clk 1:13:05]} 15. Bf4 {[%clk 1:09:19]} Qb6
{[%clk 1:09:39]} 16. Qxc7 {[%clk 1:00:28]} Bf6 {[%clk 1:06:24]} 17. Qxb6
{[%clk 1:00:11]} axb6 {[%clk 1:06:51]} 18. Be5 {[%clk 0:49:50]} Bxe5
{[%clk 0:54:55]} 19. dxe5 {[%clk 0:50:17]} Rac8 {[%clk 0:53:49]} 20. Rac1
{[%clk 0:47:06]} d4 {[%clk 0:53:29]} 21. Rxc8 {[%clk 0:40:55]} Rxc8
{[%clk 0:53:50]} 22. Rd1 {[%clk 0:38:04]} Bxa2 {[%clk 0:51:09]} 23. Rxd4
{[%clk 0:38:12]} Rc5 {[%clk 0:50:15]} 24. e6 {[%clk 0:35:08]} Bxe6
{[%clk 0:45:38]} 25. Rd6 {[%clk 0:35:31]} Kf7 {[%clk 0:45:14]} 26. Rxb6
{[%clk 0:35:46]} g5 {[%clk 0:45:13]} 27. h3 {[%clk 0:29:37]} Re5 {[%clk 0:42:19]}
28. Kf2 {[%clk 0:28:11]} g4 {[%clk 0:40:55]} 29. hxg4 {[%clk 0:27:15]} fxg4
{[%clk 0:41:24]} 30. Bg2 {[%clk 0:25:35]} h5 {[%clk 0:40:37]} 31. b4
{[%clk 0:25:24]} Rf5+ {[%clk 0:40:47]} 32. Ke3 {[%clk 0:24:21]} Re5+
{[%clk 0:40:17]} 33. Kd3 {[%clk 0:21:21]} Rf5 {[%clk 0:39:31]} 34. b5
{[%clk 0:19:15]} Rf2 {[%clk 0:36:55]} 35. Be4 {[%clk 0:17:57]} h4
{[%clk 0:35:31]} 36. gxh4 {[%clk 0:17:28]} g3 {[%clk 0:35:36]} 37. Ke3
{[%clk 0:15:25]} Bg4 {[%clk 0:32:18]} 38. Bd3 {[%clk 0:10:04]} Bf5
{[%clk 0:25:09]} 39. Bxf5 {[%clk 0:01:41]} Rxf5 {[%clk 0:25:26]} 40. h5
{[%clk 0:01:57]} 1/2-1/2

[Event "EYCC 2024 - O16"]
[Site "?"]
[Date "2024.08.22"]
[Round "1.13"]
[White "Toktomushev, Teimur"]
[Black "Siles, Jan"]
[Result "1-0"]
[BlackElo "2005"]
[WhiteElo "2279"]
[LiveChessVersion "1.4.8"]

1. d4 {[%clk 1:30:56]} Nf6 {[%clk 1:30:53]} 2. c4 {[%clk 1:31:07]} e6
{[%clk 1:31:05]} 3. Nf3 {[%clk 1:31:27]} c5 {[%clk 1:30:52]} 4. d5
{[%clk 1:31:45]} b5 {[%clk 1:30:30]} 5. dxe6 {[%clk 1:31:05]} fxe6
{[%clk 1:30:30]} 6. cxb5 {[%clk 1:31:24]} d5 {[%clk 1:30:16]} 7. g3
{[%clk 1:29:36]} a6 {[%clk 1:29:20]} 8. bxa6 {[%clk 1:29:43]} Bd6
{[%clk 1:29:15]} 9. Bg2 Nbd7 10. O-O {[%clk 1:26:27]} O-O {[%clk 1:27:53]} 11.
Nc3 {[%clk 1:11:16]} Rxa6 {[%clk 1:22:55]} 12. e4 d4 {[%clk 1:18:13]} 13. Nb5
{[%clk 0:44:05]} Qe7 {[%clk 1:06:36]} 14. Nd2 {[%clk 0:31:51]} Nb6
{[%clk 1:00:44]} 15. Nxd6 {[%clk 0:14:17]} Qxd6 {[%clk 1:01:04]} 16. f4
{[%clk 0:13:34]} Qc7 {[%clk 0:47:40]} 17. b3 {[%clk 0:07:56]} Bb7
{[%clk 0:45:45]} 18. a4 {[%clk 0:04:55]} Rd8 {[%clk 0:42:50]} 19. Ba3
{[%clk 0:04:07]} c4 {[%clk 0:36:46]} 20. bxc4 {[%clk 0:02:08]} Nxa4
{[%clk 0:33:36]} 21. Bd6 {[%clk 0:00:41]} Qc6 {[%clk 0:32:12]} 22. Be7
{[%clk 0:00:37]} Nc3 {[%clk 0:30:35]} 23. Qf3 {[%clk 0:00:36]} Rd7
{[%clk 0:27:22]} 24. Bxf6 {[%clk 0:00:51]} gxf6 {[%clk 0:27:50]} 25. Rxa6
{[%clk 0:00:33]} Qxa6 {[%clk 0:28:11]} 26. Qg4+ {[%clk 0:00:33]} Rg7
{[%clk 0:28:35]} 27. Qh5 {[%clk 0:00:32]} Re7 {[%clk 0:18:11]} 28. e5
{[%clk 0:00:33]} f5 {[%clk 0:09:46]} 29. Qg5+ {[%clk 0:00:55]} Kf8
{[%clk 0:09:56]} 30. Qf6+ {[%clk 0:01:13]} Ke8 {[%clk 0:10:21]} 31. Qh8+
{[%clk 0:01:16]} Kd7 {[%clk 0:10:48]} 32. Qb8 {[%clk 0:00:32]} Bxg2
{[%clk 0:11:16]} 33. Kxg2 {[%clk 0:00:46]} Re8 {[%clk 0:11:24]} 34. Qb4
{[%clk 0:00:46]} Qc6+ {[%clk 0:11:07]} 35. Kh3 {[%clk 0:00:48]} Rg8
{[%clk 0:04:39]} 36. Ra1 {[%clk 0:00:38]} Nb5 {[%clk 0:04:53]} 37. cxb5
{[%clk 0:00:39]} 1-0

[Event "EYCC 2024 - O16"]
[Site "?"]
[Date "2024.08.22"]
[Round "1.14"]
[White "Baghirov, Orkhan"]
[Black "Ljepic, Andrej"]
[Result "0-1"]
[BlackElo "2275"]
[WhiteElo "1996"]
[LiveChessVersion "1.4.8"]

1. d4 {[%clk 1:30:50]} e6 {[%clk 1:30:53]} 2. c4 {[%clk 1:30:26]} b6
{[%clk 1:31:17]} 3. Nc3 {[%clk 1:28:20]} Bb7 {[%clk 1:31:24]} 4. Qc2
{[%clk 1:27:36]} f5 {[%clk 1:29:52]} 5. Nf3 {[%clk 1:27:10]} Nf6 {[%clk 1:29:59]}
6. Bg5 Bb4 7. e3 {[%clk 1:22:47]} h6 {[%clk 1:24:10]} 8. Bf4 {[%clk 1:17:25]} Ne4
{[%clk 1:20:56]} 9. Bd3 {[%clk 1:15:24]} O-O {[%clk 1:20:20]} 10. Nd2
{[%clk 1:11:17]} Bxc3 {[%clk 1:18:39]} 11. bxc3 {[%clk 1:11:39]} Nxd2
{[%clk 1:17:37]} 12. Qxd2 {[%clk 1:12:07]} d6 {[%clk 1:17:10]} 13. O-O
{[%clk 1:07:42]} Nd7 {[%clk 1:17:16]} 14. f3 {[%clk 1:07:15]} e5 {[%clk 1:12:18]}
15. Bg3 {[%clk 1:07:35]} Qe7 {[%clk 1:11:31]} 16. Qc2 {[%clk 1:03:10]} Qe6
{[%clk 1:10:23]} 17. Rae1 {[%clk 0:55:31]} Rae8 {[%clk 1:07:50]} 18. Qa4
{[%clk 0:55:12]} a6 {[%clk 1:00:33]} 19. e4 {[%clk 0:46:06]} f4 {[%clk 0:55:22]}
20. Bf2 {[%clk 0:46:35]} Kh8 {[%clk 0:55:15]} 21. Rb1 {[%clk 0:37:36]} c5
{[%clk 0:53:42]} 22. Bc2 {[%clk 0:35:45]} g5 {[%clk 0:50:49]} 23. Qa3
{[%clk 0:33:53]} g4 {[%clk 0:49:46]} 24. d5 {[%clk 0:32:07]} Qg6 {[%clk 0:47:49]}
25. fxg4 {[%clk 0:30:14]} Qxg4 {[%clk 0:47:30]} 26. h3 {[%clk 0:29:48]} Qg6
{[%clk 0:45:34]} 27. Kh2 {[%clk 0:29:16]} Rg8 {[%clk 0:43:17]} 28. Rg1
{[%clk 0:29:37]} Bc8 {[%clk 0:40:28]} 29. Qc1 {[%clk 0:26:26]} Rg7
{[%clk 0:28:58]} 30. g4 {[%clk 0:22:42]} Nf6 {[%clk 0:23:41]} 31. Rxb6
{[%clk 0:18:41]} Reg8 {[%clk 0:23:32]} 32. Bh4 {[%clk 0:17:30]} Nxg4+
{[%clk 0:22:45]} 33. hxg4 {[%clk 0:17:38]} Bxg4 {[%clk 0:22:59]} 34. Qe1
{[%clk 0:16:12]} Qh5 {[%clk 0:22:49]} 35. Rxd6 {[%clk 0:06:10]} Bf3
{[%clk 0:22:43]} 36. Rxg7 {[%clk 0:06:38]} Rxg7 {[%clk 0:23:07]} 37. Qf2
{[%clk 0:07:05]} Rg2+ {[%clk 0:23:15]} 38. Qxg2 {[%clk 0:07:34]} Qxh4+
{[%clk 0:23:27]} 0-1